Programmable logic controllers : (Record no. 178770)
[ view plain ]
| 000 -LEADER | |
|---|---|
| fixed length control field | 01103 a2200205 4500 |
| 003 - CONTROL NUMBER IDENTIFIER | |
| control field | Nust |
| 005 - DATE AND TIME OF LATEST TRANSACTION | |
| control field | 20230104122118.0 |
| 010 ## - LIBRARY OF CONGRESS CONTROL NUMBER | |
| LC control number | 2003043618 |
| 020 ## - INTERNATIONAL STANDARD BOOK NUMBER | |
| International Standard Book Number | 0130607185 |
| 040 ## - CATALOGING SOURCE | |
| Transcribing agency | Nust |
| 082 00 - DEWEY DECIMAL CLASSIFICATION NUMBER | |
| Classification number | 629.895,HAC |
| 100 1# - MAIN ENTRY--PERSONAL NAME | |
| Personal name | Hackworth, John R. |
| 9 (RLIN) | 106752 |
| 245 10 - TITLE STATEMENT | |
| Title | Programmable logic controllers : |
| Remainder of title | programming methods and applications / |
| Statement of responsibility, etc. | John R. Hackworth, Frederick D. Hackworth, Jr. |
| 260 ## - PUBLICATION, DISTRIBUTION, ETC. | |
| Place of publication, distribution, etc. | Upper Saddle River, N.J. : |
| Name of publisher, distributor, etc. | Merrill, |
| Date of publication, distribution, etc. | 2004. |
| 300 ## - PHYSICAL DESCRIPTION | |
| Extent | xiii, 303 p. : |
| Other physical details | ill. ; |
| Dimensions | 24 cm. |
| Accompanying material | + 1 CD-ROM (4 3/4 in.) |
| 505 ## - FORMATTED CONTENTS NOTE | |
| Formatted contents note | Ladder Diagram Fundamentals (Page-1),The Programmable Logic Controller (Page-35), Fundamental PLC Programming(Page-50), Advanced Programming Techniques (Page-72),Mnemonic Programming Code (Page-103), Wiring Techniques (Page-115), Analog I/O (Page-139), Discrete Position Sensors (Page-150), Encoders, Transducers, and Advanced Sensors (Page-169), Closed Loop and PID Control (Page-212), Motor Controls (Page-242), System Integrity and Safety (Page-260). |
| 650 #0 - SUBJECT ADDED ENTRY--TOPICAL TERM | |
| Topical term or geographic name entry element | Programmable controllers. |
| 700 1# - ADDED ENTRY--PERSONAL NAME | |
| Personal name | Hackworth, Frederick D. |
| 9 (RLIN) | 106753 |
| 942 ## - ADDED ENTRY ELEMENTS (KOHA) | |
| Source of classification or shelving scheme | |
| Koha item type | Book |
| Withdrawn status | Lost status | Source of classification or shelving scheme | Damaged status | Not for loan | Permanent Location | Current Location | Shelving location | Date acquired | Full call number | Barcode | Date last seen | Price effective from | Koha item type | Public note | Total Checkouts |
|---|---|---|---|---|---|---|---|---|---|---|---|---|---|---|---|
| Military College of Signals (MCS) | Military College of Signals (MCS) | General Stacks | 12/12/2016 | 629.895,HAC | MCS31712 | 12/08/2016 | 12/12/2016 | Book | Almirah No.42, Shelf No.2 | ||||||
| Military College of Signals (MCS) | Military College of Signals (MCS) | General Stacks | 01/04/2023 | 629.895,HAC | MCS30799 | 01/04/2023 | 01/04/2023 | Book | Almirah No.42, Shelf No.2 |
